Credit management handbook. (2nd ed.) (Record no. 39167)

MARC details
000 -LEADER
fixed length control field 00595nam a2200169 a 4500
008 - FIXED-LENGTH DATA ELEMENTS--GENERAL INFORMATION
fixed length control field 120416s1985 ||||||||||||||||| || u
020 ## - INTERNATIONAL STANDARD BOOK NUMBER
International Standard Book Number 0566024993
050 ## - LIBRARY OF CONGRESS CALL NUMBER
Classification number HG 3751 Cre
100 ## - MAIN ENTRY--PERSONAL NAME
Personal name Edwards, Herbert
245 10 - TITLE STATEMENT
Title Credit management handbook. (2nd ed.)
Statement of responsibility, etc. edited by Herbert Edwards
250 ## - EDITION STATEMENT
Edition statement 2nd ed.
260 ## - PUBLICATION, DISTRIBUTION, ETC.
Place of publication, distribution, etc. Aldershot:
Name of publisher, distributor, etc. Gower
Date of publication, distribution, etc. 1985
300 ## - PHYSICAL DESCRIPTION
Extent xxix, 529p. : ill.
350 ## - PRICE (NR) (BK AM CF MU VM SE) [OBSOLETE]
Price 0.00
650 ## - SUBJECT ADDED ENTRY--TOPICAL TERM
Topical term or geographic name entry element CREDIT--MANAGEMENT
995 ## - RECOMMENDATION 995 [LOCAL, UNIMARC FRANCE]
-- 0.00
-- CBU-MAIN LIBRARY (Kitwe)
-- 1
-- 32.00
-- 1
-- AVAILABLE
-- Main Library Open Access Collection
Holdings
Withdrawn status Lost status Source of classification or shelving scheme Damaged status Not for loan Home library Current library Shelving location Date acquired Total Checkouts Full call number Barcode Date last seen Price effective from Koha item type
          CBU-MAIN LIBRARY, KITWE. CBU-MAIN LIBRARY, KITWE.   11/30/2022   HG 3751 Cre 007731 11/30/2022 11/30/2022 MONOGRAPH